Možnosti interpretácie európskych tradícií v cestovnom ruchu

Vysvetlenie hlavných pojmov. Hodnota kultúrneho dedičstva. Tri ciele pre rozvoj potenciálu kultúrneho dedičstva. Algoritmus pre zisťovanie ekonomických prínosov. Nástroje podpory Európskeho kultúrneho dedičstva (EKD). Možnosti ako dostať EKD do povedomia európskej verejnosti a ako kvantifikovať ekon...

Ausführliche Beschreibung

Gespeichert in:
Bibliographische Detailangaben
1. Verfasser: Litomerický, Juraj
Format: Buchkapitel
Sprache:Slowakisch
Schlagworte:
Tags: Tag hinzufügen
Keine Tags, Fügen Sie das erste Tag hinzu!

MARC

LEADER 00000naa$a2200000$$$4500
001 0259507
005 20240502083739.4
041 0 |a slo 
044 |a CZ 
245 1 0 |a Možnosti interpretácie európskych tradícií v cestovnom ruchu  |c Juraj Litomerický 
520 |a Vysvetlenie hlavných pojmov. Hodnota kultúrneho dedičstva. Tri ciele pre rozvoj potenciálu kultúrneho dedičstva. Algoritmus pre zisťovanie ekonomických prínosov. Nástroje podpory Európskeho kultúrneho dedičstva (EKD). Možnosti ako dostať EKD do povedomia európskej verejnosti a ako kvantifikovať ekonomické prínosy z EKD. 
610 2 0 |a dedičstvo kultúrne 
610 2 0 |a zvyklosti kultúrne 
610 2 0 |a ruch cestovný 
610 2 0 |a kultúra 
610 2 0 |a hodnota 
610 2 0 |a Európa 
100 1 |a Litomerický, Juraj